[Event "Czerniak Memorial 13th"]
[Site "Tel Aviv"]
[Date "1997.??.??"]
[Round "7"]
[White "Zifroni, Dov"]
[Black "Manor, Ilan"]
[Result "1-0"]
[WhiteElo "2490"]
[BlackElo "2525"]
[Annotator "Har Zvi,R"]
[PlyCount "33"]
[EventDate "1997.04.04"]
[EventType "tourn"]
[EventRounds "11"]
[EventCountry "ISR"]
[EventCategory "10"]
[SourceTitle "CBM 059"]
[Source "ChessBase"]
[SourceDate "1997.08.01"]
[SourceVersion "1"]
[SourceVersionDate "1997.08.01"]
[SourceQuality "1"]

1. e4 c5 2. c3 d5 3. exd5 Nf6 4. Bb5+ Nbd7 5. c4 a6 (5... g6 6. Nf3 Bg7 7. O-O
O-O 8. d3 (8. Bxd7 Qxd7 9. d4 cxd4 10. Nxd4 a6 11. a4 Qc7 12. Qd3 Ng4 13. Nf3
Bf5 14. Qe2 Rac8 $44 {Pavasovic,D-Domont,A Geneve op 1996}) 8... Nb6 9. Nc3 e6
10. Be3 a6 11. Ba4 Qc7 12. dxe6 Bxe6 13. Bc2 Rad8 14. Qe2 Rfe8 15. h3 $44 {
/+/- Rozentalis,E-Domont,A Swisserland 1991}) 6. Bxd7+ Bxd7 7. d4 {a move
mentioned by Smagin in his analysis in informator 64} (7. Nf3 e6 8. Qe2 Be7 9.
dxe6 Bxe6 10. O-O Bf5 (10... O-O 11. Rd1 {[%cal Gd2d4]}) 11. Re1 Bd3 12. Qe5
Kf8 (12... Bxc4 13. Qxc5 Bd5 (13... Rc8 $4 14. Rxe7+ $18) 14. Nc3 Bxf3 15. gxf3
$16) 13. Nc3 Bd6 (13... Bxc4 14. d4) 14. Qe3 Bxc4 (14... Ng4 15. Qxd3 Bxh2+ 16.
Nxh2 Qxd3 17. Nxg4 $16) 15. d4 $36 {Smagin,S-Sveshnikov,E Amanteu 1995 64/139 
[Smagin,S]}) 7... Rc8 8. Nf3 (8. dxc5 Qa5+ $1 9. Bd2 (9. Nd2 e6 $1 $44) (9. Nc3
Rxc5 {[%csl Rc4]} 10. Qe2 Qb4) (9. Qd2 Qxc5 10. b3 b5 $36) 9... Qxc5 10. b3 b5
11. Be3 Qd6 (11... Qb4+) 12. Nd2 bxc4 13. bxc4 e6 $44) 8... b5 (8... cxd4 9.
Qxd4 b5 10. Ne5 {tranposes into the game}) 9. Ne5 (9. b3 bxc4 10. bxc4 cxd4 11.
Qxd4 e6 $44) 9... cxd4 10. Qxd4 e6 (10... bxc4 11. Nc3 Be6 (11... e6 12. Bg5
$36) 12. Qd1 $1 {[%cal Gd1a4]} Bd7 13. Bg5 $36) 11. Bg5 (11. dxe6 Bxe6 12.
Qxd8+ Kxd8 13. O-O bxc4 {when black seems to be OK,his pair of bishops
compensate for his open king while without queens it is possible to survive}) (
11. Nc3) 11... h6 12. Qh4 (12. Nxd7 $6 hxg5 (12... Qxd7 13. Bxf6 Rxc4 14. Qd1
gxf6 15. O-O $13) 13. Nxf6+ (13. Nxf8 Kxf8 {[%cal Gh8h1,Gc8c1]} 14. Nd2 exd5
15. cxb5 $6 Qe8+ $1) 13... Qxf6 14. Qxf6 gxf6 15. dxe6 fxe6 $15) 12... Bd6 13.
Ng4 (13. Nxd7 Qxd7 14. Nd2 (14. Bxf6 Rxc4) 14... Be7 $1 $36 {[%csl Re1]}) (13.
Bxf6 Qxf6 14. Qxf6 gxf6 15. Nxd7 Kxd7 {and black seems at least OK}) 13... Rxc4
14. Bxf6 gxf6 15. O-O (15. Nd2 $1 {this just seems as the normal and simple
move to play with the white pieces,developing a piece winning a tempi by
attacking black's rook defending the "e4" square and threatening to play Ne4
in a few moves does not seem as bad idea} Rf4 16. g3 Rf5 17. Ne4 $1 Bb4+ 18.
Ke2 $1 (18. Kf1 Be7 $140 19. d6 Bc6) 18... Kf8 (18... exd5 $2 19. Nexf6+ Kf8
20. Nh7+ Ke8 21. Ngf6+ $18) 19. Ne3 Re5 20. Rhd1 exd5 21. Qxf6 Qxf6 22. Nxf6
$16 {what can black play after 15.Nd2 insted I do not know...}) (15. Nxf6+ Kf8
16. Nxd7+ Qxd7 17. Qf6 Re4+ 18. Kf1 Be5 19. Qf3 Qxd5 $15 {[%csl Rf1] /-/+}) (
15. Qxf6 $2 Rf8 $1 (15... Qxf6 16. Nxf6+ Ke7 17. Nd2 (17. Nxd7 Rc1+) 17... Kxf6
18. Nxc4 bxc4 $17) 16. Qxd8+ Kxd8 17. Ne3 Rc1+ 18. Nd1 Bb4+ 19. Ke2 exd5 $19)
15... f5 16. Nf6+ Ke7 $4 {an unexplained blunder by the freshest Israeli
Grandmaster which loses the game in one move} (16... Kf8 17. Nxd7+ Qxd7 18. Qf6
Rh7 {with an unclear position,but I think black has nothing to fear from}) 17.
Ne4+ 1-0

[Event "DEN-ch"]
[Site "Esbjerg"]
[Date "1997.03.23"]
[Round "2"]
[White "Ochsner, Thomas"]
[Black "Hansen, Curt"]
[Result "0-1"]
[WhiteElo "2300"]
[BlackElo "2605"]
[Annotator "Har Zvi,R"]
[PlyCount "100"]
[EventDate "1997.03.22"]
[EventType "tourn"]
[EventRounds "9"]
[EventCountry "DEN"]
[EventCategory "10"]
[SourceTitle "CBM 060"]
[Source "ChessBase"]
[SourceDate "1997.09.29"]
[SourceVersion "1"]
[SourceVersionDate "1997.09.29"]
[SourceQuality "1"]

1. e4 c5 2. c3 d5 3. exd5 Qxd5 4. d4 Nf6 5. Nf3 e6 6. Be3 Ng4 7. Nbd2 (7. Bd3
Be7 (7... Nxe3 8. fxe3 Nc6 (8... Nd7 9. O-O Be7 10. Nbd2 O-O 11. Qc2 g6 12. Rf2
Qc6 13. Raf1 Qc7 14. Nc4 Bf6 15. e4 b5 $13 {Kalinichev,S-Lau,R Dresden op 1995}
) 9. O-O Be7 10. Nbd2 O-O 11. Ne4 $6 b6 12. c4 Qh5 13. d5 Ne5 $15 {/-/+
Klinger,J-csom,I Bern 1992}) 8. Bf4 $5 O-O 9. O-O Rd8 (9... Nf6) 10. Qc2 Nf6
11. Be5 cxd4 12. cxd4 Nc6 13. Nc3 $14 {Smagin,S-Maksimenko,A Jugoslavija b1994
61/156 [Smagin,S]}) (7. c4 Nxe3 8. fxe3 Qd8 9. Nc3 Be7 10. d5 O-O 11. Be2 Nd7
12. O-O a6 13. d6 $13 {Hondoko,E-Adianto,U Beijing 1992} Bf6 $15) (7. Bg5 Nd7
8. Bd3 h6 9. Bh4 Bd6 10. O-O O-O 11. Nbd2 cxd4 12. cxd4 Qh5 13. h3 Nh2 14. Re1
Nxf3+ 15. Nxf3 Nb6 $132 {anisimov,A-Tunik,G Kstavo op 1994}) 7... Be7 8. Bc4
Qf5 (8... Qd8 9. Ne5 Nxe3 10. fxe3 Bh4+ 11. g3 Bf6 12. Ng4 cxd4 13. Nxf6+ Qxf6
14. exd4 O-O 15. Qe2 $13 {Adamski,A-Karniewski,Z Warsaw op 1993}) 9. O-O Nd7
10. Qe2 Nxe3 (10... O-O 11. Bd3 Qd5 12. Bf4) 11. fxe3 Qh5 {there are two
versions for white in this structure,the first one is to have his queens and
bishop on the b1-h7 diagonal this was possible after 7.Bd3 and Qc2,the other
version which I like less is to have the B on c4 and the Q on e2 as in the
game.it is not s easy to find here a plan for white while black's plan is very
simple,first to develop his c8 bishop then see what's going on} 12. Ne4 O-O (
12... b6 $2 13. d5 $1 exd5 14. Ng3 Qh6 (14... Qg6 15. Bxd5 Rb8 16. Nh4 $1 Bxh4
17. Bxf7+ Qxf7 18. Rxf7 $18 Kxf7 19. Qh5+) (14... Qg4 15. Bxd5 Rb8 16. Bxf7+
$18) 15. Bxd5 Rb8 16. Bxf7+ $1 (16. Nf5 $6 Qf6 {is not clear at all}) 16...
Kxf7 17. Ne5+ Ke8 18. Nf7 $18) 13. Ng3 Qh6 14. e4 Nb6 15. Bb3 Bd7 16. Ne5 Rad8
17. d5 (17. Rad1) 17... c4 $5 18. Bxc4 (18. Nxc4 Bb5 $1 {[%cal Ga6f1]} 19. a4
Ba6 20. a5 exd5 21. exd5 (21. axb6 $2 dxc4 22. Bxc4 Rd2 $19) 21... Nxd5 $36 {
[%cal Ye7c5] with the threat of Bc5-Bd6} (21... Bc5+ 22. Kh1 Bd6 23. axb6 Bxg3
24. h3 Qxb6 $15) 22. Nf5 Bc5+ 23. Kh1 Qg5 $15) (18. Nxd7 $142 Rxd7 19. Bxc4
Bc5+ (19... Nxc4 20. Qxc4 exd5 21. exd5 Qb6+ 22. Kh1 Qxb2 $13) 20. Kh1 Bd6 21.
Rf3 exd5 22. exd5 Re7 $44) 18... Bc5+ 19. Kh1 Bd6 20. Ng4 $6 (20. dxe6 $142
Bxe6 (20... Bxe5 21. e7 Bxg3 22. Bxf7+ $8 Kh8 23. h3 Rb8 24. exf8=Q+ Rxf8 $13)
21. Bxe6 Bxe5 22. Bh3 Rd2 23. Qb5 Bxg3 24. hxg3 Qg6 $13) 20... Qh4 21. e5 (21.
dxe6 Bxg3 22. exd7 Nxc4 23. Qxc4 h5 $1 24. Qd3 Bc7 25. Nf6+ gxf6 26. h3 Rxd7 $1
(26... Qg3 27. Qxg3+ Bxg3 28. Rad1 Be5 $17) 27. Qxd7 Qg3 28. e5 (28. Kg1 Rd8
$19) 28... Qxe5 29. Kg1 (29. g3 Qe4+ 30. Kg1 (30. Kh2 Qe2+ 31. Kg1 Bxg3 $19)
30... Bb6+ 31. Kh2 Rd8 32. Qxd8+ $19) 29... Qh2+ 30. Kf2 Qg3+ 31. Ke2 (31. Kg1
Rd8) 31... Qe5+ $19) 21... exd5 $17 {the position has simplified,black wins a
pawn here} 22. Rf4 (22. Nf5 Bxf5 23. Rxf5 Nxc4 $1 (23... dxc4 $6 24. exd6 Rxd6
25. Raf1 $44) 24. exd6 Rfe8 25. Qf3 Re1+ 26. Rxe1 Qxe1+ 27. Qf1 Qxf1+ 28. Rxf1
Rxd6 $17) 22... Qg5 23. Raf1 Nxc4 24. exd6 Rfe8 $1 (24... Nxd6 25. Qf3) 25. Qd1
$8 Nxd6 26. Qf3 (26. Rd4) 26... Re7 $2 (26... Nc4 $1 $17 {[%csl Rb2][%cal
Gc4d2] after winning a pawn,Hansen decides to play very solid,but he has here
some stronf tactical ideas,using the fact that white has a knight on g4 which
must be defended several times,has no space for his king's,and right now black
is threatening Nd2,indeed in the game he won but if he would have played with
a stronger player he has much more difficult life} 27. Rd4 f6 $1 $17 {/-+}) 27.
Ne3 Be6 28. Nef5 $6 {it is difficult to understand this move,white is changing
his knight for black's bad bishop,why?} Bxf5 29. Nxf5 Re4 30. h4 $6 {who needs
this move,it was better to play immediately NxN} (30. Nxd6 Rxf4 31. Qxf4 Qxf4
32. Rxf4 Rxd6 33. Kg1 $17) 30... Qxf4 31. Qxf4 Rxf4 32. Rxf4 Nxf5 33. Rxf5 f6 (
33... d4 $5) 34. Rf2 d4 35. cxd4 $2 {clearly after this move black is much
better with fantastic chances to win,especially after white has his weakness
on the king's side but this is of course thanks to white's help,of course
white has to play Rd2 when I am not sure if black is winning,certainly not
easy if he does} (35. Rd2 d3 36. Kg1 Kf7 37. Kf2 Ke6 38. Ke3 Kf5 39. Rxd3 Rxd3+
40. Kxd3 Kg4 41. c4 Kg3 42. b4 Kxg2 (42... f5 43. Ke3 $1 Kxg2 44. Kf4) 43. Ke4
$1 {this is the key move of all the end game black has to waste two moves to
allow this pawn to queen} Kg3 44. c5 g6 45. b5 f5+ 46. Kd5 f4 47. c6 bxc6+ 48.
bxc6 f3 49. c7 f2 50. c8=Q f1=Q 51. Qc7+ Kg4 52. Qxh7 Qg2+ 53. Kc5 Qxa2 54.
Qxg6+ Kxh4 {when this endgame should be a draw,this is just one very long line,
for mw it is not easy to asses this endgame,but what I think after analysing
this endgame for some time is that thing's are not easy at all,and maybe just
maybe white has draw}) 35... Rxd4 $17 {/-+} 36. g3 Kf7 37. Kg2 h5 $1 {fixing
the g3 pawn} 38. Rc2 Ke6 39. Kf3 Rd3+ 40. Kf4 Rd4+ 41. Ke3 Rb4 42. b3 {maybe
is was better just to play passive,Rd2-Rc2...not creating weakness in the
position,since now the "c3" square is weak plus black can and will fix the
"a2" by moving his "b" pawn to b4} Kf5 43. Kf3 Rb5 {stopping any possible
checks along the fifth rank} 44. Rc7 g6 45. Re7 a5 46. Rc7 Rd5 47. Rc3 b5 48.
Re3 b4 {fixing the "a2" pawn} 49. Re2 g5 50. hxg5 fxg5 {black is threatening
Rd3 and then simple Rc3 when after Rd2 he playes Ke4 with an idea such as Ke3,
white is hopeless in this endgame,he could have played few more moves without
changing the fianl result} 0-1

[Event "EU-chT (Men) 11th"]
[Site "Pula"]
[Date "1997.05.??"]
[Round "3.1"]
[White "Godena, Michele"]
[Black "Hracek, Zbynek"]
[Result "1/2-1/2"]
[WhiteElo "2545"]
[BlackElo "2630"]
[Annotator "Har Zvi,R"]
[PlyCount "137"]
[EventDate "1997.05.05"]
[EventType "team-swiss"]
[EventRounds "9"]
[EventCountry "CRO"]
[SourceTitle "CBM 057 Extra"]
[Source "ChessBase"]
[SourceDate "1997.05.01"]
[SourceVersion "1"]
[SourceVersionDate "1997.05.01"]
[SourceQuality "1"]
[WhiteTeam "Italy"]
[BlackTeam "Czech Republic"]
[WhiteTeamCountry "ITA"]
[BlackTeamCountry "CZE"]

1. e4 c5 2. c3 Nf6 3. e5 Nd5 4. Nf3 e6 5. d4 cxd4 6. cxd4 b6 7. Bd3 (7. Nc3 {
is the main move in the position,other playable move are 7.a3 and 7.Nbd2}) 7...
Ba6 {the second playable move for black is 7...Bb4} 8. O-O (8. Bxa6 Nxa6 9. O-O
Be7 10. Nbd2 O-O 11. Ne4 Nac7 12. Bg5 f6 13. exf6 Nxf6 14. Nc3 Nfd5 15. Bd2 Rc8
16. Qa4 $14 {/~~ Sermek,D-Grosar,A Ljubljana Iskra 1992}) 8... Be7 (8... Qc8 9.
Bxa6 (9. a3 Be7 10. Re1 Bxd3 11. Qxd3 Na6 12. Nbd2 Nac7 13. Ne4 Qa6 14. Qc2 $36
{Blatny,P-Mokry,K CSR-ch 1986}) (9. Bg5 h6 10. Bh4 Bxd3 11. Qxd3 Qa6 12. Qe4
Bb4 13. Rc1 Nc6 14. Nbd2 O-O 15. Nc4 Be7 $13 {godena,M-Gofshtein,L Ischia 1996}
) 9... Nxa6 10. a3 (10. Bd2 Be7 11. Qa4 Nac7 12. Rc1 O-O 13. Nc3 Qd8 14. Nxd5
Nxd5 15. Qa6 f6 16. Rc4 b5 $13 {Grosar,A-Kouatly,B Manila (ol) 1992}) 10... Be7
11. Bg5 f6 12. exf6 gxf6 13. Bh6 (13. Bh4) 13... Qb7 14. Nc3 Nac7 15. Rc1 Nxc3
16. Rxc3 Bd6 $13 {Sokolov,A-Costa,J SUI-chT 1996 Exp 55}) 9. Nc3 Nxc3 10. bxc3
Bxd3 11. Qxd3 O-O (11... d5 12. exd6 Qxd6 13. Ba3 $1 Qc7 (13... Qxa3 14. Qe4)
14. Bxe7 Kxe7 15. Rad1 Nd7 16. d5 $40 {Godena,M-Cvitan,O Reggio Emilia 1991})
12. Bf4 (12. d5 exd5 13. Qxd5 Na6 $5) (12. c4 $5 d5 13. exd6 Qxd6 (13... Bxd6
14. Ng5 $36)) 12... Nc6 13. d5 (13. c4 d6) 13... exd5 14. Qxd5 Qc7 15. Rad1
Rad8 16. Qe4 {[%cal Ge5e6]} Qc8 17. Rd3 Rfe8 18. Ng5 g6 (18... Bxg5 19. Bxg5
Rxe5 20. Qh4 $1 (20. Qg4 Rde8 21. Bf6 g6) 20... Rde8 (20... f6 21. Bxf6 $1 $16
gxf6 $2 22. Qxf6 $18) 21. Rh3 h6 22. Bxh6 Qd8 23. Bg5 f6 24. Be3 $36 {[%csl
Rg8]}) 19. Rh3 d5 (19... h5 $2 20. Rxh5 d5 21. Qd3 (21. e6 $5 f5 $8 (21... dxe4
$2 22. exf7+ Kf8 23. Rh8+ Kg7 24. Rh7+ Kf6 (24... Kf8 25. Ne6+ Qxe6 26. Bh6#)
25. fxe8=Q {with mate in a few moves}) 22. Be5 Nxe5 23. Qxe5 gxh5 24. Nf7 Kh7
25. Qxf5+ Kg7 26. Ne5 Rf8 27. Qg6+ Kh8 28. Qxh5+ $40) 21... Qg4 22. e6 f5 23.
Rh6 Kg7 24. Rh7+ Kg8 25. g3 {[%csl Rg4]} Bxg5 26. h3 Qxf4 27. gxf4 Kxh7 28.
fxg5 Rxe6 $44 {/+/-}) 20. Qb1 $6 (20. Qa4) 20... Qg4 21. Be3 (21. Qc1 $142 h5
$13 (21... Nxe5 22. Nxh7 Nc4 23. Bg3 Qe2 $13)) {[%tqu "En","what would you
play with the black pieces?","","","e7g5","",8]} 21... Bxg5 $1 (21... Nxe5 22.
Nxh7 Nc4 23. Bd4 $13) 22. Rg3 Qxg3 $1 {that is black's idea,now black gets the
advantage with no risks at all,maybe white has missed this idea} 23. hxg3 Bxe3
24. fxe3 Rxe5 {[%csl Ra2,Rc3,Re3,Rg2,Rg3] the material is about equal,but it
is very clear that white's position is a very difficult one,first he has no
threats nor ideas of attacking black,secondly he has a weak king and a
terrible pawn structure} (24... Nxe5 25. e4 {this is an achivement for white
exchanging a weak pawn} Nc4 26. Rd1) 25. Qd3 Na5 26. Qa6 Re7 27. Rd1 {[%cal
Ge3e4]} (27. Rf4 $5) 27... Nc4 28. e4 Ne3 $1 29. Re1 (29. Rd2 Rde8 $1 30. Rxd5
(30. exd5 Ng4 31. Rf2 Nxf2 32. Kxf2 Re5 $17) 30... Nxd5 31. exd5 Re1+ 32. Kh2
R8e5 $17 {[%csl Rd5][%cal Ge5h5]}) 29... Ng4 30. Qd3 Rdd7 31. Rd1 $6 (31. Qd1
$142 $5 h5 32. exd5 Rxd5 33. Qc1 Red7 {[%csl Rg1]} (33... Rxe1+ 34. Qxe1 Rd3
35. c4 Ra3) 34. c4 Rc5 $15 {/-/+}) 31... Ne5 32. Qa6 dxe4 33. Rxd7 Rxd7 34.
Qc8+ Kg7 35. Qe8 Rd1+ 36. Kf2 Ng4+ 37. Ke2 Rd5 (37... Rd3 $1 {[%csl Rd3,Rg3]
it seems that after this move white is facing hugh problems,it seems black's
position after this move is something between -/+/-+} 38. Kf1 (38. Qe7 Rxc3 39.
Qxa7 Rc2+ 40. Ke1 (40. Kf1 Rc1+ 41. Ke2 Rg1) 40... Rxg2 $17) 38... Nf6 $1 39.
Qe7 (39. Qe5 Rd1+ 40. Ke2 Ra1 $19) 39... Rxg3 40. c4 (40. Qxa7 Rxc3 41. Qxb6
Rc1+ 42. Kf2 Rc2+ $19) 40... Rc3 $17 {/-+}) 38. Qe7 $1 Ra5 39. a3 h5 40. c4 e3
$6 (40... Nf6 $5) 41. Ke1 $1 Ra4 42. c5 $8 Rc4 43. cxb6 axb6 44. Qb7 Rc1+ 45.
Ke2 Rc2+ 46. Ke1 Rc1+ 47. Ke2 Rc2+ 48. Ke1 Nf2 (48... Nh6 49. Qxb6 Nf5 50. a4
$1 $13 {[%cal Ga4a8] but of course this position is big achivement for white
considering the position he had,although even here it is clear black is
fighting for a win}) 49. Qd5 Rc5 50. Qd4+ Kh7 51. Qd6 (51. Qxe3 $4 Re5 $19) (
51. Qf6 Rc1+ 52. Ke2 Rc2+ 53. Kf3 Ng4 54. Qxf7+ Kh6 55. Qf8+ Kh7 56. Qf7+ $11)
51... Rc1+ 52. Ke2 Rc2+ 53. Kxe3 Ng4+ 54. Kd3 Rc6 $2 (54... Rxg2 55. Qc7 Kg7 (
55... Kg8) 56. Qc3+ Nf6 57. Kc4 Re2 58. Kb5 Re6 {when the only side with some
winning chances is black}) 55. Qf8 $11 Rf6 56. Ke2 b5 57. Ke1 Rf5 58. Ke2 Ne5
59. Qb4 Ng4 60. Qf8 Nh6 61. Ke1 Rd5 62. Ke2 Re5+ 63. Kf2 Ng4+ 64. Kf1 Rf5+ 65.
Ke2 Nf2 66. Ke3 Nh1 67. Qd6 Nf2 68. Qf8 Ng4+ 69. Ke2 1/2-1/2

[Event "Czerniak Memorial 13th"]
[Site "Tel Aviv"]
[Date "1997.??.??"]
[Round "9"]
[White "Krayz, Alexander"]
[Black "Manor, Ilan"]
[Result "0-1"]
[WhiteElo "2375"]
[BlackElo "2525"]
[Annotator "Hecht,H"]
[PlyCount "94"]
[EventDate "1997.04.04"]
[EventType "tourn"]
[EventRounds "11"]
[EventCountry "ISR"]
[EventCategory "10"]
[SourceTitle "CBM 059"]
[Source "ChessBase"]
[SourceDate "1997.08.01"]
[SourceVersion "1"]
[SourceVersionDate "1997.08.01"]
[SourceQuality "1"]

1. e4 c5 2. Nf3 e6 3. c3 Nf6 4. e5 Nd5 5. d4 cxd4 6. cxd4 d6 7. a3 Nd7 8. Bd3
dxe5 9. dxe5 g6 10. O-O Bg7 11. Qe2 O-O 12. Bd2 b6 13. Nc3 Bb7 14. Be4 Re8 15.
Bg5 Qb8 16. Rfd1 Nxc3 17. bxc3 Nc5 18. Bxb7 Qxb7 19. Nd2 Rac8 20. a4 h6 21. Bf6
Bxf6 22. exf6 e5 23. Qe3 Qc6 24. a5 Qxf6 25. axb6 axb6 26. Qxh6 e4 27. Qe3 Rcd8
28. Nc4 Kg7 29. h3 Qe6 30. Qe2 Rd3 31. Rxd3 exd3 32. Qxe6 Rxe6 {starker
schwarzer Freibauer, Taktik} 33. Kf1 b5 34. Ne3 (34. Nd2 Re2 35. Rd1 f5 36. Nf3
{[%csl Rb5][%cal Rf3d4]} Rc2 37. Nd4 $17 Rxc3 38. Nxb5 Rc2 {[%cal Rg7e5]})
34... Ne4 35. Rd1 Rd6 36. c4 d2 37. cxb5 Nc3 38. Ra1 Nxb5 (38... d1=Q+ 39. Nxd1
Nxd1 40. b6 (40. Ra3 $142 Nb2 41. Rb3 Nc4 42. Rb4 Nb6 43. Ke2 $17) 40... Nc3
41. Rc1 Nb5 42. b7 Rb6 $19 {Technik}) 39. Nd1 $8 Re6 40. f3 $2 (40. Ne3 Rxe3
41. fxe3 Nc3 $19 {[%cal Rd2d1]}) (40. Nb2 $8 Rc6 $1 {[%cal Rc6c1]} 41. Ra5 (41.
Rd1 Rc2 42. Na4 (42. Nd3 Nc3 $19) 42... Ra2 $19) (41. Ra8 Nd4 (41... Rc2 42.
Nd1 Nd4 43. Rd8 $11) 42. f3 Rc1+ 43. Kf2 d1=Q 44. Nxd1 Rxd1 45. Rd8 Rd3 46. f4
$13) (41. Ra4 Rc2 42. Nd1 Rc1 43. Ke2 Rxd1 $19) 41... Rc1+ 42. Ke2 Nd4+ 43.
Kxd2 (43. Ke3 d1=Q 44. Nxd1 Rxd1 $19) 43... Nb3+) 40... Re1+ 41. Kf2 Nc3 42.
Nxc3 Rxa1 43. Ke2 Rg1 44. g4 Rg2+ 45. Ke3 g5 46. Kd3 Rh2 47. Nd1 Rxh3 0-1

[Event "Dos Hermanas"]
[Site "Dos Hermanas"]
[Date "1997.04.09"]
[Round "7"]
[White "Shirov, Alexei"]
[Black "Polgar, Judit"]
[Result "1/2-1/2"]
[WhiteElo "2690"]
[BlackElo "2645"]
[Annotator "Hecht,H"]
[PlyCount "122"]
[EventDate "1997.04.01"]
[EventType "tourn"]
[EventRounds "9"]
[EventCountry "ESP"]
[EventCategory "19"]
[SourceTitle "CBM 059"]
[Source "ChessBase"]
[SourceDate "1997.08.01"]
[SourceVersion "1"]
[SourceVersionDate "1997.08.01"]
[SourceQuality "1"]

1. e4 {Fritz5} c5 2. c3 d5 3. exd5 Qxd5 4. d4 Nf6 5. Nf3 Bg4 6. Nbd2 Nc6 7. Bc4
Bxf3 8. Qb3 (8. Qxf3 {Fritz 5.00Я (30s)} Qxf3 9. Nxf3 cxd4 10. Nxd4 (10. cxd4
$11 {Fritz 5.00Я (30s)}) 10... Nxd4 11. cxd4 e6 12. Bb5+ Kd8 13. Bg5 Be7 14.
Bc4 Nd7 15. Bd2 Rc8 16. Bb3 Nf6 17. Bg5 Kc7 18. O-O Rhd8 19. Rfd1 Kb8 20. Rab1
Rc7 21. Bxf6 Bxf6 22. d5 exd5 23. Rxd5 Rxd5 24. Bxd5 Rc2 25. Bxf7 Bd4 26. Rf1
Rxb2 27. g4 g5 28. Kg2 Kc7 29. Kg3 b5 30. h3 Be5+ 31. Kf3 Rb4 32. Rd1 Rf4+ 33.
Kg2 Rxf7 {0-1 De Kleuver,E-Kadimova,I/EU-chTW 1997/EXP 57/[NED - AZE]}) (8.
gxf3 {Fritz 5.00Я (30s)} Qg5 (8... Qf5 9. Qb3 O-O-O 10. Bxf7 Nd5 11. Bxd5 Rxd5
12. dxc5 e6 13. O-O Ne5 14. Qa4 Bxc5 15. Qe4 Qh5 16. f4 Qg4+ 17. Kh1 Nd3 18.
Qf3 {Feoktistov,A-Belov,V/RUS-Cup2 1996/EXP 56/1/2-1/2 (30)}) 9. Ne4 Qf5 10.
Qe2 e6 11. Ng3 Qh3 12. d5 Nd8 13. Bb5+ Nd7 14. Bf4 a6 15. Bxd7+ Kxd7 16. O-O-O
Ke8 17. Rhe1 Be7 {Adams,M-Huebner,R/Wijk 1996/CBM 51/[Blatny,P]/1-0 (31)}) 8...
Na5 (8... Bxg2 {Fritz 5.00Я (30s)} 9. Rg1 (9. Bxd5 Bxd5 10. Qb5 Bxh1 $17) 9...
Na5 10. Qa4+ Qd7 11. Qxa5 $17) 9. Bxd5 (9. Qb5+ {Fritz 5.00Я (30s)} Qd7 10.
Nxf3 Nxc4 11. Qxc4 cxd4 12. Nxd4 e6 $11) 9... Nxb3 10. Nxf3 (10. Bxb3 $142 {
Fritz 5.00Я (30s)} Bxg2 11. Ba4+ Nd7 12. Bxd7+ Kxd7 13. Rg1 $15) 10... Nxd5 {
gibt den Vorteil aus der Hand} (10... Nxa1 {Fritz 5.00Я (30s)} 11. Bxb7 Rd8 12.
Bc6+ Nd7 $17 13. Ne5 cxd4) 11. axb3 cxd4 12. Nxd4 e5 13. Nf5 a6 14. Ke2 O-O-O
15. Rd1 f6 {Deckt g5} 16. b4 (16. c4 {Fritz 5.00Я (30s)} Nc7 $11) 16... g6 17.
Ne3 Nxe3 (17... Nf4+ {Fritz 5.00Я (30s)} 18. Kf3 $15) 18. Bxe3 ({Und nicht} 18.
fxe3 {Fritz 5.00Я (30s)} Rxd1 19. Kxd1 e4 $15) 18... Rxd1 19. Rxd1 {[#]
bessere schwarze Bauernstruktur; Bildung eines Mittelfreibauern. Gute weiße
Verteidigung mit aktivem Turm.} Kc7 20. Kd3 Bd6 21. Kc4 Kc6 22. Kb3 Rd8 23. g4
Bc7 24. Rg1 Rd3 25. Rg3 e4 26. Rh3 Rd7 27. Bd4 Rf7 28. Re3 Kd5 29. h3 Be5 30.
Bc5 f5 31. Re1 Kc6 32. gxf5 gxf5 33. f3 Bg3 34. Rg1 Bd6 35. fxe4 fxe4 36. Bd4
Rf3 37. Rg4 Bf4 38. Kc2 Rf1 39. Rg7 Rh1 (39... h5 {Fritz 5.00Я (30s)} 40. Rh7
$14) 40. Rxh7 Rh2+ 41. Kd1 (41. Kb3 $5 $14 {Fritz 5.00Я (30s) ist zu beachten})
41... Rd2+ 42. Ke1 Rxb2 43. Re7 Kd5 44. Rxb7 Kc4 {Aktiver König im Endspiel}
45. Re7 Kd3 46. Rd7 Bd2+ 47. Kf1 e3 (47... Bxc3 {Fritz 5.00Я (30s)} 48. Be5+
Kc2 49. Rc7 Rb1+ 50. Ke2 Re1+ 51. Kf2 e3+ 52. Kg2 $18) 48. Bg7+ Kc2 49. Re7
Rb1+ 50. Kg2 Kd3 {Droht e2} 51. Bh6 Re1 {Will e2 spielen} 52. h4 (52. Rd7+ {
Fritz 5.00Я (30s)} Kxc3 53. Bg5 Kc4 $11 (53... Kxb4 $2 {ist ein Schlag ins
Wasser} 54. Rxd2 Kc4 55. Ra2 $18)) 52... Bxc3 53. Rd7+ Kc4 (53... Ke2 {Fritz 5.
00Я (30s)} 54. Rd6 $15) 54. h5 (54. Kf3 $142 $11 {Fritz 5.00Я (30s) ist noch
spielbar}) 54... e2 55. Re7 Bd4 (55... Bxb4 $5 56. Re4+ Kb3 (56... Kd5 57. Rxb4
$2 (57. Re8 a5 $2 (57... Bc3 58. Bg5 {[%cal Rg5h4]} Bd4 59. Bh4 $2 (59. Bd2 $1
Rg1+ 60. Kf3 $11) 59... Rg1+ 60. Kh2 Rg4 61. Be1 (61. Kh3 Rxh4+ 62. Kxh4 Be5
$19) 61... Re4 $17) 58. Bg7 {[%cal Rh5h6,Rh6h7,Rh7h8]}) 57... Rg1+ $19) (56...
Kd3 {Fritz 5.00Я (30s)} 57. Re3+ (57. Rxb4 $4 {Weiß muß den Läufer stehen
lassen} Rg1+ 58. Kxg1 e1=Q+ 59. Kg2 Qxb4 $19) 57... Kc2 58. Kf2 $17) 57. Rxb4+
Kxb4 58. Bd2+ $18) (55... Kxb4 56. Re4+ Kb3 57. Kf2 Rh1 58. Kxe2 Rxh5 59. Bf8
$15) 56. Be3 Rf1 57. Bxd4 e1=Q 58. Rxe1 Rxe1 59. Bg7 Re4 60. Kg3 Re1 (60... Re7
$5 {Fritz 5.00Я (30s)} 61. h6 Rf7 $15 (61... Kxb4 $4 {das Schlagen des Bauern
ist schlecht} 62. Bf8 $18)) 61. Kg2 Re4 (61... Re7 {Fritz 5.00Я (30s)} 62. h6
$15) 1/2-1/2